Environmental degradation and development in the metropolitan fringe of Delhi (Record no. 13693)

MARC details
000 -LEADER
fixed length control field 00648nam a2200217Ia 4500
082 ## - DEWEY DECIMAL CLASSIFICATION NUMBER
Classification number TS.0934
100 ## - MAIN ENTRY--AUTHOR NAME
Personal name Singh, Nawal Prasad
245 #0 - TITLE STATEMENT
Title Environmental degradation and development in the metropolitan fringe of Delhi
260 ## - PUBLICATION, DISTRIBUTION, ETC. (IMPRINT)
Year of publication 2001
Name of publisher University of Delhi, Delhi
300 ## - PHYSICAL DESCRIPTION
Number of Pages 213
504 ## - BIBLIOGRAPHY, ETC. NOTE
Bibliography, etc includes bibliography
650 ## - SUBJECT ADDED ENTRY--TOPICAL TERM
Topical Term Environmental degradation
Form subdivision Delhi
650 ## - SUBJECT ADDED ENTRY--TOPICAL TERM
Topical Term Land degradation
650 ## - SUBJECT ADDED ENTRY--TOPICAL TERM
Topical Term Environmental law
Form subdivision Delhi
650 ## - SUBJECT ADDED ENTRY--TOPICAL TERM
Topical Term Environmental policy
Form subdivision Delhi
650 ## - SUBJECT ADDED ENTRY--TOPICAL TERM
Topical Term Degradation, Environmental
650 ## - SUBJECT ADDED ENTRY--TOPICAL TERM
Topical Term Degradation, Land
650 ## - SUBJECT ADDED ENTRY--TOPICAL TERM
Topical Term Degradation, Land
710 ## - ADDED ENTRY--CORPORATE NAME
Corporate name or jurisdiction name as entry element Singh, R. B.
942 ## - ADDED ENTRY ELEMENTS (KOHA)
Koha item type Thesis
Source of classification or shelving scheme Dewey Decimal Classification
Holdings
Withdrawn status Lost status Damaged status Not for loan Home library Current library Date acquired Source of acquisition Bill Date Full call number Accession Number Price effective from Koha item type
        NASSDOC Library NASSDOC Library 26/09/2005 Gifted by : Fellowship Division, ICSSR 2005-09-09 TS.0934 40993 18/04/2019 Thesis